Statistieken voor Wat zijn de landen van de Europese Unie?

Klik hier om de quiz te nemen!

Algemene statistieken

  • Deze quiz is 402 keer genomen
  • De gemiddelde score is 24 van 28

Antwoordstatistieken

HintAntwoord% Correct
1 januari 1958België
99%
Duitsland
96%
Nederland
96%
Frankrijk
93%
Italië
93%
Spanje
93%
Luxemburg
91%
1 januari 1995Finland
90%
1 mei 1986Portugal
90%
Zweden
89%
1 januari 1981Griekenland
86%
Ierland
84%
Letland
84%
Oostenrijk
84%
1 januari 2007Bulgarije
83%
Hongarije
83%
Estland
82%
Polen
82%
Litouwen
81%
1 juli 2013Kroatië
80%
Tsjechië
80%
1 januari 197331 januari 2020Verenigd Koninkrijk
79%
Slovenië
78%
1 januari 1973Denemarken
77%
Slowakije
77%
1 mei 2007Roemenië
76%
Malta
72%
1 mei 2004Cyprus
64%

Scoreverdeling

Percentiel versus Aantal Correcte Antwoorden

Procent van Mensen met Elke Score

Uw Scoregeschiedenis

U heeft deze quiz nog niet genomen